000
00232 a2200097 4500
001
1275
100
_a
Demyanyuk,F.S.
245
_a
Technological principles of flow line & automated production
260
_a
_b
_c
090
_c
834
_d
834
942
_a
NUST-CAE
_c
M
_c
35089
999
_c
236348
_d
236348